| 000 | 00811nam a22002537a 4500 | ||
|---|---|---|---|
| 005 | 20170123162354.0 | ||
| 010 | _a149111 | ||
| 020 | _c10.00 | ||
| 035 | _a149111 | ||
| 037 | _bCen Lib/Ret | ||
| 040 |
_aDPL _bUR |
||
| 082 |
_a921 _bد ت ب |
||
| 100 |
_aد ت بھارتی _9137870 |
||
| 245 |
_a: ٣٣برس _cد ت بھارتی _b/ ایک افسانہ نگار کاافسانہ |
||
| 246 |
_a33 Bras: aek afsana nigar ka afsana / _bby Datt Bharti |
||
| 260 |
_aدہلی _bپنجابی پستک بھںٹارا _c00?? |
||
| 270 | _bدہلی | ||
| 300 |
_a272p. _c21cm(Hb) |
||
| 650 |
_aاردو ادب _9137871 |
||
| 650 |
_aاردو افسانہ _x _9889 |
||
| 650 |
_v _aUrdu literature _9137872 |
||
| 650 |
_aUrdu fiction _v _9891 |
||
| 942 |
_2ddc _cUR _h921 _mد ت ب |
||
| 999 |
_c109451 _d109451 |
||